000 01165pab a2200181 454500
008 180718b2008 xxu||||| |||| 00| 0 eng d
100 _aDhar, T.N.
245 _aPublic private partnerships in India (policy, strategies and operationalisation issues)
260 _c2008
300 _ap.417-430.
362 _aJul-Sep
520 _aPPPs are being seen as the partnerships that yield savings in cost through adoption of appropriate and cutting edge technologies, inventive designs, punctuality in implementation, greater operational efficiency and quality service at an affordable price. To take full advantage of these promising factors suitable institutional arrangements and enabling framework have to be put in place. This broadly means that apart from legislative and institutional support there is a need to develop requisite amount of enhanced technical, managerial, administrative and human skills for conceptualising, preparing and supervising such projects. - Reproduced.
650 _aPublic private partnership - India
650 _aPublic private partnership
773 _aIndian Journal of Public Administration
908 _aN
909 _a79853
999 _c79853
_d79853